| 000 | 00630nam a2200217Ia 4500 | ||
|---|---|---|---|
| 003 | GCL | ||
| 008 | 140319s9999 xx 000 0 ara d | ||
| 040 |
_aGCL / _cGCL |
||
| 082 | 0 | 4 |
_a325.35 _bم ث |
| 100 | 1 | _aمحمد حموده(مترجم) | |
| 245 | 1 | 0 |
_aثورت أسيا / _cمحمد حموده(مترجم) |
| 700 | 1 | _aمند , تيبور | |
| 700 | 1 | _aربيع غيث (مراجعه) | |
| 300 | _a168 | ||
| 490 |
_aالالف كتاب _v0 |
||
| 650 | 0 | 4 | _aالاستقلال |
| 650 | 0 | 4 | _aالاستعمار |
| 650 | 0 | 4 | _aالاحتلال العسكرى |
| 650 | 0 | 4 | _aالثورات المضاده |
| 942 |
_2ddc _cBK |
||
| 999 |
_c43657 _d43657 |
||